[Event "GRE-ch U20 Girls"]
[Site "Greece"]
[Date "2009.01.06"]
[Round "5"]
[White "Salahidou, Galini"]
[Black "Andrikopoulou, Efstathia"]
[Result "0-1"]
[WhiteElo "1472"]
[BlackElo "1651"]
[PlyCount "94"]
[EventDate "2009.01.02"]
[EventType "swiss"]
[EventRounds "7"]
[EventCountry "GRE"]
[SourceTitle "EXT 2011"]
[Source "ChessBase"]
[SourceDate "2010.11.26"]
[SourceVersion "1"]
[SourceVersionDate "2010.11.26"]
[SourceQuality "1"]

1. e4 c5 2. Nf3 e6 3. d4 cxd4 4. Nxd4 Nf6 5. Nc3 Qb6 6. Na4 Qa5+ 7. Nc3 Nxe4 8. Bd2 Nxd2 9. Qxd2 a6 10. Nb3 Qe5+ 11. Be2 Bb4 12. 0-0-0 Bxc3 13. bxc3 0-0 14. h4 Nc6 15. f4 Qc7 16. h5 d5 17. g4 a5 18. Rdf1 a4 19. Nd4 Na5 20. Qe1 Nc4 21. Qg3 Qc5 22. Bxc4 Qxc4 23. f5 exf5 24. gxf5 f6 25. h6 Rf7 26. Rfg1 Qc7 27. Qh3 Ra6 28. hxg7 Qf4+ 29. Kd1 h6 30. Ne6 Bxe6 31. fxe6 Rxg7 32. Rxg7+ Kxg7 33. Re1 Rb6 34. Qg2+ Kh8 35. Qd2 Qg4+ 36. Qe2 Rb1+ 37. Kd2 Qf4+ 38. Kd3 Qc4+ 39. Kd2 Rxe1 40. Kxe1 Qxe2+ 41. Kxe2 Kg7 42. Kf3 f5 43. Kf4 Kf6 44. e7 Kxe7 45. Kxf5 Kd6 46. Kf4 Kc5 47. Ke3 Kc4 0-1

[Event "GRE-ch U20 Girls"]
[Site "Greece"]
[Date "2009.01.05"]
[Round "4"]
[White "Manelidou, Maria"]
[Black "Salahidou, Galini"]
[Result "1/2-1/2"]
[WhiteElo "2035"]
[BlackElo "1472"]
[PlyCount "49"]
[EventDate "2009.01.02"]
[EventType "swiss"]
[EventRounds "7"]
[EventCountry "GRE"]
[SourceTitle "EXT 2011"]
[Source "ChessBase"]
[SourceDate "2010.11.26"]
[SourceVersion "1"]
[SourceVersionDate "2010.11.26"]
[SourceQuality "1"]

1. e4 e5 2. Nf3 Nc6 3. Bc4 Nf6 4. d3 Bc5 5. c3 d6 6. 0-0 0-0 7. Bb3 Be6 8. Bc2 Ne7 9. Bg5 Ng6 10. d4 exd4 11. cxd4 Bb6 12. Qd3 h6 13. Bd2 d5 14. Nc3 dxe4 15. Nxe4 Nxe4 16. Qxe4 Bd5 17. Qg4 Bxf3 18. Qxf3 Bxd4 19. Rad1 Be5 20. Bc3 Qf6 21. Qxf6 Bxf6 22. Bxf6 gxf6 23. Rd7 Rac8 24. Bxg6 fxg6 25. Rc1 1/2-1/2

[Event "GRE-ch U20 Girls"]
[Site "Greece"]
[Date "2009.01.04"]
[Round "3"]
[White "Papathanasiou, Elisavet"]
[Black "Salahidou, Galini"]
[Result "1-0"]
[WhiteElo "1584"]
[BlackElo "1472"]
[PlyCount "81"]
[EventDate "2009.01.02"]
[EventType "swiss"]
[EventRounds "7"]
[EventCountry "GRE"]
[SourceTitle "EXT 2011"]
[Source "ChessBase"]
[SourceDate "2010.11.26"]
[SourceVersion "1"]
[SourceVersionDate "2010.11.26"]
[SourceQuality "1"]

1. d4 Nf6 2. c4 d6 3. Nf3 Nbd7 4. g3 g6 5. Bg2 Bg7 6. Nc3 0-0 7. 0-0 c5 8. dxc5 Nxc5 9. Nd2 Qc7 10. Nb3 Rb8 11. Nd4 a6 12. b3 b6 13. Nc6 Rb7 14. Bb2 e6 15. b4 Kh8 16. Nd4 Rb8 17. bxc5 bxc5 18. Nb3 Bb7 19. Bxb7 Rxb7 20. Qd2 Rd8 21. Rfd1 Kg8 22. Rab1 d5 23. cxd5 Nxd5 24. Nxd5 Rxd5 25. Qc2 Bxb2 26. Rxb2 Rxd1+ 27. Qxd1 c4 28. Rc2 a5 29. Nd2 Qd7 30. Qc1 Rc7 31. Nxc4 Qc8 32. Ne3 Rxc2 33. Qxc2 Qxc2 34. Nxc2 Kf8 35. Kf1 Ke7 36. Ke1 Kd6 37. Kd2 f5 38. Kc3 Kc5 39. a4 e5 40. Ne3 Kb6 41. Nc4+ 1-0